000
00322nam a22001337a 4500
020
_a
0-88038-022-5
082
_a
823
_b
EST/H
100
_a
ESTES, ROSE
245
_a
HERO OF WASHINGTON SQAURE
260
_a
UNITED KINGDOM
_b
TSR HOBBIES
_c
1983
300
_a
157
650
_a
CHILDRENS STORY BOOK
_z
UNITED KINGDOM
942
_c
BK
999
_c
8029
_d
8029